000 00797nam a2200241Ia 4500
999 _c31189
_d31189
003 GCL
005 20240530102304.0
008 140319s9999 xx 000 0 ara d
040 _aGCL /
_cGCL
082 0 4 _a193
_bهـ م
100 1 _aهيجل
245 1 0 _aموسوعة العلوم الفلسفية /
_c هيجل ؛ امام عبدالفتاح امام
260 _a[S.N] :
_bدار الثقافة للنشر والتوزيع ،
_c1985
300 _a238 ص. ؛
_c24 سم.
490 _aالمكتبة الهيجلية
_v0
650 0 4 _aالفلسفة
650 0 4 _aالفلسفة الحديثة
650 0 4 _aهيجل
650 0 4 _aالفلسفة الغربية
650 0 4 _aالفلسفة الالمانية
700 1 _aامام عبدالفتاح امام
942 _2ddc
_cBK